书目信息 |
| 题名: |
时间序列分析的工程应用(上)
|
|
| 作者: | 杨叔子 , 吴雅 著 | |
| 分册: | ||
| 出版信息: | 武汉 华中理工大学出版社 1991.05 |
|
| 页数: | 395页 | |
| 开本: | 32开 | |
| 丛书名: | ||
| 单 册: | ||
| 中图分类: | O211.61 | |
| 科图分类: | ||
| 主题词: | 概率论 , 数理统计 | |
| 电子资源: | ||
| ISBN: | 7-5609-0549-8 | |
| 000 | 00653nam0 2200217 45 | |
| 001 | 0008161108 | |
| 005 | 20000816114655.0 | |
| 010 | @a7-5609-0549-8@d13.00元 | |
| 100 | @a20000816d1991 km y0chiy0120 ea | |
| 101 | 0 | @achi |
| 105 | @a z 000yy | |
| 200 | 1 | @a时间序列分析的工程应用(上)@AShi Jian Xu Lie Fen Xi De Gong Cheng Ying Yong(Shang)@f杨叔子,吴雅等著@FYang Shu Zi,Wu Ya Deng Zhu |
| 210 | @a武汉@c华中理工大学出版社@d1991.05 | |
| 215 | @a395页@d32开 | |
| 606 | 0 | @a概率论 |
| 606 | 0 | @a数理统计 |
| 690 | @aO211.61@v3 | |
| 701 | 0 | @a杨叔子@4著 |
| 701 | 0 | @a吴雅@4著 |
| 801 | @aCN@bPftUser@c20000816 | |
| 905 | @b107829-833@dO211.61@eY951:1@f5 | |
| 时间序列分析的工程应用(上)/杨叔子,吴雅等著.-武汉:华中理工大学出版社,1991.05 |
| 395页;32开 |
| ISBN 7-5609-0549-8:13.00元 |
| ● |
| 相关链接 |
|
|
|
正题名:时间序列分析的工程应用(上)
索取号:O211.61/Y951:1
 
预约/预借
| 序号 | 登录号 | 条形码 | 馆藏地/架位号 | 状态 | 备注 |
| 1 | 107829 | 201078298 | 自科二线504/504自科库 49排2列2层/ [索取号:O211.61/Y951:1] | 在馆 | |
| 2 | 107830 | 201078305 | 自科二线504/504自科库 49排2列2层/ [索取号:O211.61/Y951:1] | 在馆 | |
| 3 | 107831 | 201078314 | 自科二线504/504自科库 49排1列1层/ [索取号:O211.61/Y951:1] | 在馆 | |
| 4 | 107832 | 201078323 | 自科二线504/504自科库 49排2列2层/ [索取号:O211.61/Y951:1] | 在馆 | |
| 5 | 107833 | 201078332 | 数理学院资料室/ [索取号:O211.61/Y951:1] | 在馆 |